O dia mais chato (Record no. 2028)

MARC details
000 -Etiqueta do registo
Valores 00600nam a2200229 4500
010 ## - Número ISBN
ISBN 9789899061309
021 ## - Número do Depósito Legal
Código do país Portugal
Número 547421/25
100 ## - Dados gerais de processamento
Dados gerais 20260113d2025 c||y0pory50030103ba
101 ## - Língua de publicação
Língua Português
102 ## - País de publicação
País Portugal
200 ## - Titulo e menção de responsabilidade
Título próprio O dia mais chato
Primeira menção de responsabilidade Maria Nogueira Nössing
205 ## - Menção da edição
Edição 1ª edição
210 ## - Publicação
Local de publicação Carcavelos
Nome do editor Planeta Tangerina
Data de publicação 2025
215 ## - Descrição física 
Paginação / Volumes [28] p.
Outras indicações físicas il.
Dimensões 23 cm
300 ## - Notas gerais 
Texto da nota BMB-Registado
606 ## - Nome comum usado como assunto
ID Autoridade 863
Palavra de ordem Literatura Infantil
675 ## - CDU
Notação 087.5
Edição BMB
Língua por
700 ## - Autor principal (pessoa individual)
Apelido Nössing
Nome Maria Nogueira
Datas 1984-
ID Autoridade 2904
801 ## - Fonte de origem
País PT
Agência BMB
Regras de catalogação RPC
990 ## - Elementos KOHA
Tipo de documento Livro
Holdings
Situação do levantamento Estado Número Biblioteca de origem Código de barras Cota Permissão de empréstimo Tipo de documento Forma de aquisição
    1 Biblioteca Municipal de Borba 1978 087.5 NOS / DIA   Livro Compra
Biblioteca Municipal de Borba

Powered by Koha